000 003800000a22001690004500
999 _c47960
_d47960
001 756
003 CO-MdFUSB
005 20181024151412.0
008 181024b xxu||||| |||| 00| 0 eng d
040 _cCO-MdBIC
082 0 4 _a813C D63sn
110 1 _aWalt Disney
245 1 0 _aSnow White and de seven dwarfs
300 _a24 P.
650 1 4 _aLiteratura Infantil
942 _cLGB